عرض عادي
عرض مارك
- Lingras, Pawan.
مدخل إسم شخص
001 - رقم الضبط
- حقل الضبط: 46328
003 - معرف رقم الضبط
- حقل الضبط: OSt
005 - تاريخ ووقت أخر عملية
- حقل الضبط: 20140710130409.0
008 - عناصر بيانات ثابتة الطول
- حقل تحكم ثابت الطول: 140710|||a|||||| | ||| d
040 ## - مصدر الفهرسة
- هيئة الفهرسة الأصلية: OSt
- وكالة الكتابة: OSt
100 ## - مدخل -- أسم شخص
- إسم شخص: Lingras, Pawan.
670 ## - بيانات المصدر موجوده
- الاستشهاد بالمصدر: Work cat.: (OSt)0: Scobey, Porter. 46327, Web programming and Internet technologies :, c2013.
